Statistics for Every Big Brother Houseguest (US)

Click here to take the quiz!

General Stats

  • This quiz has been taken 15 times
    (9 since last reset)
  • The average score is 264 of 367

Answer Stats

SeasonHouseguest% Correct
15Aaryn Gries
100%
9Adam Jasinski
83%
13Adam Poch
83%
9Alex Coladonato
83%
19Alex Ow
83%
OTTAlex Willett
83%
4,7Alison Irwin
83%
4Amanda Craig
83%
9Amanda Hansen
83%
15Amanda Zuckerman
83%
16Amber Borzotra
83%
8Amber Siyavus
83%
15Andy Herren
83%
20Angela Rummans
83%
12Annie Whittington
83%
10April Dowling
83%
6April Lewis
83%
17Audrey Middleton
83%
17Austin Matelson
83%
20,22Bayleigh Dayton
83%
17Becky Burgess
83%
12,13Brendon Villegas
83%
23Brent Chanpagn
83%
20Brett Robinson
83%
18Bridgette Dunning
83%
12,14,RGBritney Haynes-Godwin
83%
24Brittany Hoopes
83%
16Brittany Martinez
83%
1Brittany Petros
83%
18Bronte D'Acquisto
83%
16Caleb Reynolds
83%
25,RGCameron Hardin
83%
19Cameron Heard
83%
11Casey Turner
83%
11Chima Simone
83%
CBB3Chris Kattan
83%
CBB3Chris Kirkpatrick
83%
16Christine Brecht
83%
19,22Christmas Abott
83%
17Clay Honeycutt
83%
16,22,RGCody Calafiore
83%
19Cody Nickson
83%
18Corey Brooks
83%
OTTCornbread Ligon
83%
10,14Dan Gheesling
83%
24Daniel Durston
83%
8,13,22Daniele Donato-Briones
83%
OTTDanielle Lickey
83%
14Danielle Murphree
83%
3,7,RGDanielle Reyes-Hendricks
83%
4David Lane
83%
17,18,22Da'Vonne Roger
83%
23Derek Frazier
83%
23Derek Xiao
83%
16Derrick Levasseur
83%
16Devin Shepherd
83%
8,13Dick "Evel" Donato
83%
19Dominique Cooper
83%
16Donny Thompson
83%
5Drew Daniel
83%
1Eddie McGee
83%
19Elena Davies
83%
15Elissa Slater
83%
12,22Enzo Palumbo
83%
20Fessy Shafaat
83%
14,18Frank Eudy
83%
16,RGFrankie Grande
83%
15GinaMarie Zimmerman
83%
18Glenn Garcia
83%
20Haleigh Broucher
83%
12Hayden Moss
83%
16Hayden Voss
83%
15Helen Kim
83%
21Holly Allen
83%
5Holly King
83%
15Howard Overby
83%
14,22Ian Terry
83%
6Ivette Corredero
83%
17Jace Agolli
83%
17Jackie Ibarra
83%
21Jack Matthews
83%
4Jack Owens
83%
8Jameka Cameron
83%
17,18James Huling
83%
CBB1James Maslow
83%
6,7James Rhine
83%
9James Zinkand
83%
6,7,14,22Janelle Pierzina
83%
5,7Jase Wirey
83%
19Jason Dent
83%
3Jason Guy
83%
17,OTTJason Roy
83%
20JC Mounduix
83%
1Jean Jordan
83%
11,13Jeff Schroeder
83%
17Jeff Weldon
83%
9Jen Diturno
83%
8Jen Johnson
83%
14Jenn Arroyo
83%
6Jennifer Vasquez
83%
10Jerry MacDonald
83%
19Jessica Graf
83%
8Jessica Hughbanks
83%
21Jessica Milagros
83%
10,11Jessie Godderz
83%
15Jessie Kowalski
83%
19Jillian Parker
83%
16Jocasta Odom
83%
14Jodi Rollins
83%
14Joe Arvin
83%
8Joe Barber
83%
CBB2Joey Lawrence
83%
16Joey Van Pelt
83%
17John McGuire
83%
11,13Jordan Lloyd
83%
3Josh Feinberg
83%
19,RGJosh Martinez
83%
1Josh Souza
83%
18Jozea Flores
83%
15Judd Daugherty
83%
17Julia Nolan
83%
4Jun Song
83%
20Kaitlyn Herman
83%
13Kalia Booker
83%
21Kathyrn Dunn
83%
20Kaycee Clark
83%
6,7,22Kaysar Ridha
83%
10,22Keesha Smith
83%
11,22Kevin Campbell
83%
19Kevin Schlehuber
83%
12Lane Elenburg
83%
10Libra Thompson
83%
3Lisa Donahue
83%
17Liz Nolan
83%
11Lydia Tavera
83%
6Maggie Ausburn
83%
CBB1Marissa Jaret Winokur
83%
19Mark Jansen
83%
CBB1Mark McGrath
83%
19Matt Clines
83%
24Matthew Turner
83%
12Matt Hoffman
83%
25Matt Klotz
83%
9Matt McDonald
83%
15McCrae Olson
83%
19Megan Lowder
83%
17Meg Maley
83%
10,22Memphis Garrett
83%
24Michael Bruner
83%
5Michael "Cowboy" Ellis
83%
6Michael Donnellan
83%
11Michele Noonan
83%
10Michelle Costa
83%
4Michelle Maradie
83%
18Michelle Meyer
83%
2,7,14Mike "Boogie" Malin
83%
12Monet Stunson
83%
OTTMonte Massongill
83%
24Monte Taylor
83%
5,7Nakomis Dedmon
83%
5Natalie Carroll
83%
9Natalie Cunial
83%
CBB2Natalie Eva Marie
83%
11Natalie Martinez
83%
18Natalie Negrotti
83%
21Nick Maccarone
83%
8Nick Starevic
83%
15Nick Uhas
83%
21,22Nicole Anthony
83%
16,18,22,RGNicole Franzel
83%
24Nicole Layog
83%
2Nicole Schaffrich
83%
16Paola Shea
83%
18,19Paul Abrahamian
83%
18Paulie Calafiore
83%
24Pooch Pucciarelli
83%
13Porsche Briggs
83%
6Rachel Plencner
83%
12,13Rachel Reilly
83%
20Rachel Swindler
83%
12Ragan Fox
83%
19Ramses Soto
83%
19Raven Walton
83%
10Renny Martyn
83%
20Rockstar Lantry
83%
CBB1Ross Mathews
83%
CBB2Ryan Lochte
83%
9Ryan Quicksall
83%
20Sam Bledsoe
83%
21Sam Smith
83%
23Sarah Beth Steagall
83%
6Sarah Hrejsa
83%
OTTScott Dennis
83%
20Scottie Salton
83%
5Scott long
83%
4Scott Weintraub
83%
OTTShane Chapman
83%
14Shane Meaney
83%
9Sheila Kennedy
83%
17Shelli Poole
83%
13Shelly Moore
83%
15Spencer Clawson
83%
20Steve Arienta
83%
17Steve Moses
83%
20Swaggy C Williams
83%
24,RGTaylor Hale
83%
23Tiffany Mitchell
83%
18Tiffany Rousso
83%
20,22Tyler Crispen
83%
17Vanessa Rousso
83%
18Victor Arroyo
83%
16Victoria Rafaeli
83%
OTTWhitney Hogg
83%
23Whitney Williams
83%
14Wil Heuser
83%
1William Collins
83%
14Willie Hantz
83%
2,7Will Kirby
83%
5Will Wikle
83%
20Winston Hines
83%
23,RGXavier Prather
83%
16Zach Rance
83%
8Zach Swerdzewski
83%
18Zakiyah Everette
83%
23Alyssa Lopez
67%
24Alyssa Snider
67%
24Ameerah Jones
67%
25America Lopez
67%
21Analyse Talavera
67%
14Ashley Iocco
67%
23Azah Awasum
67%
6Beau Beasley
67%
25Blue Kim
67%
25Bowie Jane Ball
67%
23Britni D'Angelo
67%
15Candice Stewart
67%
23Christian Birkenberger
67%
21Christie Murphy
67%
25Cirie Fields
67%
23Claire Rehfuss
67%
21Cliff Hogg III
67%
25Cory Wurtenberger
67%
21,22David Alexander
67%
15David Girton
67%
13Dominic Briones
67%
6Eric Littmann
67%
3Eric Ouellette
67%
8Eric Stein
67%
4,7Erika Landin
67%
25Felicia Cannon
67%
23Frenchie French
67%
1,7George Boswell
67%
23Hannah Chaddha
67%
25Hisam Goueli
67%
6,7Howie Gordon
67%
24Indy Santos
67%
21Isabella Wang
67%
25Izzy Gleicher
67%
21Jackson Michie
67%
25Jag Bains
67%
25Jared Fields
67%
24Jasmine Davis
67%
24Joseph Abdin
67%
12Kathy Hillis
67%
CBB2Kato Kaelin
67%
21Kemi Fakunle
67%
25Kirsten Elwin
67%
12Kristen Bitting
67%
OTTKryssie Ridolfi
67%
23Kyland Young
67%
24Kyle Capener
67%
11Laura Crosby
67%
13Lawon Exum
67%
25Luke Valentine
67%
25Mecole Hayes
67%
8Mike Dutz
67%
5Mike Lubinski
67%
OTTMorgan Willett
67%
CBB1Omarosa
67%
21Ovi Kabir
67%
24Paloma Aguilar
67%
25Red Utley
67%
25Reilly Smedley
67%
11Russell Kairouz
67%
2Shannon Dragoo
67%
CBB1Shannon Elizabeth
67%
9Sharon Obermueller
67%
OTTShelby Stockton
67%
24Terrance Higgins
67%
CBB2Tom Green
67%
21Tommy Bracco
67%
23Travis Long
67%
5Adria Klein
50%
9Allison Nichols
50%
3Amy Crews
50%
12Andrew Gordon
50%
10Angie Swindell
50%
CBB2Anthony Scaramucci
50%
CBB1Ariadna Gutiérrez
50%
11Braden Bacha
50%
10Brian Hart
50%
10Bryan Ollie
50%
2Bunky Miller
50%
CBB3Carson Kressley
50%
1Cassandra Waldon
50%
13Cassi Colvin
50%
CBB1Chuck Liddell
50%
1Curtis Kin
50%
5,7Diane Henry
50%
8Dustin Erikstrup
50%
2Hardy Ames-Hill
50%
9Jacob Heald
50%
4Jee Choe
50%
15Jeremy McGuire
50%
14JoJo Spatafora
50%
OTTJustin Duncan
50%
4Justin Giovinco
50%
2Justin Sebik
50%
8Kail Harbick
50%
15Kaitlin Barnaby
50%
14Kara Monaco
50%
13Keith Henderson
50%
2Kent Blackwelder
50%
CBB1Keshia Knight Pulliam
50%
2Krista Stegall
50%
3,7Marcellas Reynolds
50%
5Marvin Latimer
50%
CBB1Metta World Peace
50%
2Monica Bailey
50%
OTTNeeley Jackson
50%
9Parker Somerville
50%
11Ronnie Talbott
50%
2Sheryl Braxton
50%
10Steven Daigle
50%
CBB3Todrick Hall
50%
6Ashlea Evans
33%
2Autumn Daly
33%
CBB1Brandi Glanville
33%
8Carol Journey
33%
9Chelsia Hart
33%
4Dana Varela
33%
CBB2Dina Lohan
33%
3Gerry Lancaster
33%
1Jamie Kern
33%
CBB2Jonathan Bennett
33%
9Joshuah Welch
33%
CBB2Kandi Burruss
33%
1Karen Fowler
33%
5Karen Ganci
33%
CBB3Lamar Odom
33%
CBB2Lolo Jones
33%
3Lori Olson
33%
5Lori Valenti
33%
CBB3Miesha Tate
33%
4Nathan Marlow
33%
9Neil Garcia
33%
CBB2Ricky Williams
33%
4Robert Roman
33%
3Roddy Mancuso
33%
CBB2Tamar Braxton
33%
CBB3Todd Bridges
33%
3Tonya Paoni
33%
3Chiara Berti
17%
CBB3Cynthia Bailey
17%
CBB3Mirai Nagasu
17%
CBB3Shanna Moakler
17%
CBB3Teddi Mellencamp
17%

Score Distribution

Percentile by Number Answered

Percent of People with Each Score

Your Score History

You have not taken this quiz since the last reset